00362nam a2200109Ia 4500008004100000245011800041260004900159260000900208300001000217500000900227650001600236170224s9999 xx 000 0 und d aHoney, I got fired! A longitudinal dyadic analysis of the effect of unemployment on life satisfaction in couples. bJournal of Personality and Social Psychology c2014 a107:1 aJuly xPsychology.